000 01863cam a2200349 i 4500
003 SA-RiAUC
005 20251020071031.0
008 251002s2013 ku a g b f00010cara c
040 _aSA-MaUQU
_bara
_cSA-RiAUC.
_dKW-KwMAI
_erda
082 0 _a922.2
_qSA-RiAUC
090 _a922.2
_bت ر ا
245 0 0 _aتراجم القراء العشرة أئمة الأمصار /
_cجمع وإعداد محمد بن رشاد الأزهري ؛ إشراف ومراجعة مصطفى بن شعبان.
250 _aالطبعة الأولى.
264 1 _aالكويت :
_bمركز الإمام ابن الجزري للحلقات والأسانيد القرآنية، قسم تحقيق الأسانيد،
_c2013
300 _a69 صفحة :
_bجداول ؛
_c24 سم.
336 _aنص
_btxt
_2rdacontent
_3كتاب
337 _aبدون وسيط
_bn
_2rdamedia
338 _aمجلد
_bnc
_2rdacarrier
490 1 _aالإصدارات العلمية لمركز الإمام ابن الجزري للحلقات والأسانيد القرآنية.
_aقسم تحقيق الأسانيد ؛
_v3
504 _aببليوجرافية : صفحة 66-67.
504 _aيشتمل على إرجاعات ببليوجرافية.
520 0 _aترجمة عن القراء العشر.
630 2 7 _aالقرآن
_xقراء
_vتراجم
_2aucut
630 2 7 _aالقرآن
_xالقراءات العشر
_2aucut
700 1 _aخليفة، محمد بن رشاد حسن،
_d1982-
_eجامع.
700 1 _aصيام، مصطفى بن شعبان محمود،
_d1980-
_eمشرف.
730 2 2 _aالقرآن
830 2 _aالإصدارات العلمية لمركز الإمام ابن الجزري للحلقات والأسانيد القرآنية.
_pقسم تحقيق الأسانيد
_v3
856 4 _uBooks/267
942 _2ddc
_cBOOK
_n0
949 _aSA-JeALM
_d251002
_umohamedma123
_n1
999 _c12636
_d12636